Věčné tajemství Býčí skály

Titel: Věčné tajemství Býčí skály / Milan Stloukal ; Jindra Nekvasil
Beteiligt: ;
Ausgabe: Vyd. 1.
Veröffentlicht: Praha : Academia, 2015
Umfang: 167 Seiten, [14] Blätter : Illustrationen, Karten
Format: Buch
Sprache: Tschechisch
Schriftenreihe/
mehrbändiges Werk:
Průhledy ; 12
Schlagworte:
ISBN: 8020024158 ; 9788020024152
Buchumschlag
X
Lokale Klassifikation: 23 6 A
alg: 37819675
001A    $03004:12-04-16 
001B    $01999:15-12-25 $t09:28:05.000 
001D    $03004:12-04-16 
001U    $0utf8 
001X    $00 
002@    $0Aau 
002C    $aText $btxt $2rdacontent 
002D    $aohne Hilfsmittel zu benutzen $bn $2rdamedia 
002E    $aBand $bnc $2rdacarrier 
003@    $0378196758 
004A    $080-200-2415-8 
004A    $A978-80-200-2415-2 
007A    $0BV042586079 $aBVB 
007G    $0DE020CD5EAE24C9916B34C1257F9A003E4485 
009P    $A2 $3Inhaltsverzeichnis $uhttp://bvbr.bib-bvb.de:8991/F?func=service&doc_library=BVB01&local_base=BVB01&doc_number=028019393&line_number=0001&func_code=DB_RECORDS&service_type=MEDIA 
009P    $qapplication/pdf $A2 $3Inhaltsverzeichnis $uhttps://scans.hebis.de/HEBCGI/show.pl?37819675_toc.pdf $mV:DE-603;B:DE-Mb50 
010@    $acze 
011@    $a2015 $n2015 
021A    $aVěčné tajemství Býčí skály $hMilan Stloukal ; Jindra Nekvasil 
028C    $71072101327 $8Stloukal, Milan$Z1931- [Tp3] $9359954359 
028C    $#Nekvasil, Jindřich $71072101440 $8Nekvasil, Jindra$Z1926-2009 [Tp3] $9359954529 
032@    $aVyd. 1. 
033A    $pPraha $nAcademia 
034D    $a167 Seiten, [14] Blätter 
034M    $aIllustrationen, Karten 
036E    $aPrůhledy $l12 
036F    $x212 $8Pr°uhledy $9208907173 $l12 
044K    $qBVB $#Wankel, Jindřich $7129292095 $8Wankel, Heinrich$Z1821-1897 [Tp1] $9123053978 
044K    $qBVB $#Stierfelshöhle $#Býči Skála $74395724-9 $8Býči-skála-Höhle [Tg1] $9088495868 
044K    $qBVB $RAusgrabung $RBodendenkmal $#Bodenfund $#Bodenfunde $#Archäologische Funde $74071507-3 $8Funde [Tsz] $9085201480 
045F    $eDDC22ger 
045F/01 $a930.1 
045F/03 $f0901 
045F/03 $g4371 
045G    $a930.1094371 $eDDC23BSB 
045G/01 $a930.1 
045G/03 $g4371 

lok: 37819675 24
101B    $012-04-16 $t15:55:19.000 
101C    $012-04-16 
101U    $0utf8 
145Z/01 $a23 6 A 

exp: 37819675 24 1 #EPN
201B/01 $012-04-16 $t15:55:19.000 
201C/01 $029-04-15 
201U/01 $0utf8 
203@/01 $0753787725 
208@/01 $a12-04-16 $bz 
209A/01 $a15.04433 $du $f050 $h15 04433 $x00 
209C/01 $a15.04433 K $h15 04433 K 
209G/01 $a73600588 $x00 
220C/01 $akon 
247C/01 $8358050-7 Marburg, Bibliothek des Herder-Instituts Marburg $9102600961
LEADER 00000cam a2200000 c 4500
001 378196758
003 DE-603
005 20251215092805.0
007 tu
008 160412s2015 xx |||| | u00||u|cze c
020 |a 8020024158 
020 |a 9788020024152 
035 |a (DE-599)BVBBV042586079 
040 |a DE-603  |b ger  |c DE-603  |d DE-603 
041 |a cze 
083 0 |8 2\u  |a 930.1094371  |q DE-101  |2 23/BSB 
085 |8 1\u  |b 930.1 
085 |8 1\u  |z 1  |s 0901 
085 |8 1\u  |z 2  |s 4371 
085 |8 2\u  |b 930.1 
085 |8 2\u  |z 2  |s 4371 
245 0 0 |a Věčné tajemství Býčí skály  |c Milan Stloukal ; Jindra Nekvasil 
250 |a Vyd. 1. 
264 1 |a Praha  |b Academia  |c 2015 
300 |a 167 Seiten, [14] Blätter  |b Illustrationen, Karten 
336 |a Text  |b txt  |2 rdacontent 
337 |a ohne Hilfsmittel zu benutzen  |b n  |2 rdamedia 
338 |a Band  |b nc  |2 rdacarrier 
490 1 |a Průhledy  |v 12 
600 1 7 |a Wankel, Heinrich  |d 1821-1897  |0 (DE-588)129292095  |0 (DE-603)123053978  |2 gnd 
650 7 |a Funde  |0 (DE-588)4071507-3  |0 (DE-603)085201480  |2 gnd 
651 7 |a Býči-skála-Höhle  |0 (DE-588)4395724-9  |0 (DE-603)088495868  |2 gnd 
700 1 |a Stloukal, Milan  |d 1931-  |0 (DE-603)359954359  |0 (DE-588)1072101327  |2 gnd 
700 1 |a Nekvasil, Jindra  |d 1926-2009  |0 (DE-603)359954529  |0 (DE-588)1072101440  |2 gnd 
830 0 |t Pr°uhledy  |v 12  |w (DE-603)208907173  |w (DE-600)2476891-1  |9 212  |7 as 
856 4 2 |u http://bvbr.bib-bvb.de:8991/F?func=service&doc_library=BVB01&local_base=BVB01&doc_number=028019393&line_number=0001&func_code=DB_RECORDS&service_type=MEDIA  |3 Inhaltsverzeichnis 
856 4 2 |m V:DE-603;B:DE-Mb50  |q application/pdf  |u https://scans.hebis.de/HEBCGI/show.pl?37819675_toc.pdf  |3 Inhaltsverzeichnis 
924 0 |9 Mb 50  |a (DE-603)753787725  |b DE-Mb50  |c HES  |d c  |g 15.04433